| 000 | 00660nam a22002650a 4500 | ||
|---|---|---|---|
| 001 | PT35185 | ||
| 003 | AR-LpoUNG | ||
| 005 | 20210131230244.0 | ||
| 008 | 191001ss.f.||||ag |||||||||||||||||spa d | ||
| 020 |
_a9509964808 _c$20.75 |
||
| 040 |
_aAR-LpoUNG _bspa _cAR-LpoUNG _eaacr |
||
| 041 | _aspa | ||
| 044 | _aag | ||
| 082 | 0 | _aA861 763not | |
| 100 | 1 | _aRomero Borri, Gustavo | |
| 245 | 1 | 0 | _aNotas del escriba |
| 250 | _a1§ edición | ||
| 260 |
_aBuenos Aires : _bCeyne, _cs.f.. |
||
| 300 |
_a69 p. : _bil., mapas |
||
| 650 | 4 | _aARGENTINA | |
| 650 | 4 | _aLITERATURA | |
| 651 | 4 | _aDOCUMENTOS TEORICOS O METODOLOGICOS | |
| 905 | _a35185 | ||
| 942 | _cLIB | ||
| 999 |
_c2441 _d2441 |
||